Dẫn luận về cái đẹp
Đã lưu trong:
| Príomhúdar: | |
|---|---|
| Údair Eile: | |
| Formáid: | Leabhar |
| Teanga: | Vietnamese English |
| Foilsithe: |
H.
Hồng Đức
2016
|
| Ábhair: | |
| Clibeanna: |
Cuir Clib Leis
Gan Chlibeanna, Bí ar an gcéad duine leis an taifead seo a chlibeáil!
|
| Thư viện lưu trữ: | Mạng thư viện Đại học Đà Nẵng |
|---|
| LEADER | 01116nam a2200349 4500 | ||
|---|---|---|---|
| 001 | 000025368 | ||
| 003 | 21861 | ||
| 005 | 20171005151029.0 | ||
| 008 | 171005s2016 viesd | ||
| 020 | |a 978-604-86-8402-0 |c 89000 | ||
| 041 | 1 | |a vie |h eng | |
| 082 | 1 | 4 | |a 111.85 |b SC-R |
| 100 | 1 | |a Scruton, Roger. | |
| 245 | 1 | 0 | |a Dẫn luận về cái đẹp |c Roger Scruton ; người dịch : Thái An |
| 246 | |a Beauty : a very short introduction. | ||
| 260 | |a H. |b Hồng Đức |c 2016 | ||
| 300 | |a 312 tr. |b mh. |c 20 cm. | ||
| 650 | 0 | 4 | |a Aesthetics. |
| 650 | 0 | 4 | |a Mỹ học |
| 653 | |a Mĩ học | ||
| 653 | |a Vẻ đẹp | ||
| 700 | 1 | |a Thái An |e dịch | |
| OWN | |a LSP | ||
| AVA | |a UDN50 |b LSP |d 111.85 SC-R |e available |t Error 5001 Not defined in file expand_doc_bib_avail. |f 3 |g 0 |h N |i 0 |k 1 | ||
| 999 | |a From the UDN01 | ||
| AVA | |a UDN50 |b LSP |d 111.85 SC-R |e available |t Error 5001 Not defined in file expand_doc_bib_avail. |f 3 |g 0 |h N |i 0 |k 1 | ||
| TYP | |a Monograph | ||
| TYP | |a Printed language | ||
| 980 | |a Mạng thư viện Đại học Đà Nẵng | ||


